| 000 | 00425nam a2200169Ia 4500 | ||
|---|---|---|---|
| 003 | GCL | ||
| 008 | 140319s9999 xx 000 0 ara d | ||
| 040 |
_aGCL / _cGCL |
||
| 082 | 0 | 4 |
_a928.24 _bا ب |
| 100 | 1 | _aامينة السعيد | |
| 245 | 1 | 0 |
_aبايرون / _cامينة السعيد |
| 490 |
_aاقرأ _v0 |
||
| 650 | 0 | 4 | _aالادب العربى |
| 650 | 0 | 4 | _aالادب |
| 650 | 0 | 4 | _aالقصة |
| 942 |
_2ddc _cBK |
||
| 999 |
_c39883 _d39883 |
||